000 00253nam a2200097Ia 4500
001 771085
005 20250826165709.0
008 250824s9999 xx 000 0 und d
245 0 _aİÇİMDEKİ MÜZİK
_cSHARON M. DRAPER
260 _bGENÇ TİMAŞ YAYINLARI
999 _c771085
_d771085